Labor market institutions and unemployment dynamics in transition economies

Enregistré dans:
Détails bibliographiques
Auteur principal: Garibaldi, Pietro
Autres auteurs: Brixiova, Zuzana
Format: Livre
Langue:anglais
Publié: Washington International Monetary Fund 1997
Collection:IMF working paper WP/97/137
Sujets:
Tags: Ajouter un tag
Pas de tags, Soyez le premier à ajouter un tag!

MARC

LEADER 00000nam a2200000 4500
001 c100147
005 20221124074741.6
041 0 |a eng 
044 |a US 
245 1 0 |a Labor market institutions and unemployment dynamics in transition economies  |c Prepared by Pietro Garibaldi and Zuzana Brixiova 
264 1 |a Washington  |b International Monetary Fund  |c 1997 
300 |a 46 s. 
490 1 |a IMF working paper  |v WP/97/137 
830 0 |a IMF working paper  |v WP/97/137 
610 2 0 |a nezamestnanosť 
610 2 0 |a trh práce 
610 2 0 |a obdobie prechodné 
610 2 0 |a vývoj hospodársky 
610 2 0 |a miesta pracovné 
610 2 0 |a sektor súkromný 
610 2 0 |a sektor štátny 
610 2 0 |a mzdy 
610 2 0 |a modely 
610 2 0 |a inštitúcia 
100 1 |a Garibaldi, Pietro 
700 1 |a Brixiova, Zuzana